| 000 | 00654nam a2200205Ia 4500 | ||
|---|---|---|---|
| 003 | GCL | ||
| 008 | 140319s9999 xx 000 0 ara d | ||
| 040 |
_aGCL / _cGCL |
||
| 082 | 0 | 4 |
_a956.905 _bج ا |
| 100 | 1 | _aجهاد محمد جهاد | |
| 245 | 1 | 0 |
_aالانتفاضة المباركة ومستقبلها / _cجهاد محمد جهاد |
| 260 |
_a[S.N] : _bمكتبة الفلاح ، _c1988 |
||
| 300 | _a137 ص | ||
| 490 | _a | ||
| 650 | 0 | 4 | _aالنزاع العربى الاسرائيلى |
| 650 | 0 | 4 | _aفلسطين |
| 650 | 0 | 4 | _aالمقاومة الفلسطينية |
| 650 | 0 | 4 | _aالانتفاضة الفلسطينية |
| 942 |
_2ddc _cBK |
||
| 999 |
_c35816 _d35816 |
||